| 000 | 00589nam a2200181 a 4500 | ||
|---|---|---|---|
| 001 | 000012013 | ||
| 005 | 20200929162646.0 | ||
| 008 | 091103s1985 dr ac 000 0 spa d | ||
| 040 | _aDO-SdBNP | ||
| 082 |
_axxx _bC679g |
||
| 100 | 1 |
_aCoiscou Weber, Rodolfo _919739 |
|
| 245 | 1 | 3 |
_aLa generación del 48 en la literatura dominicana / _cRodolfo Coiscou Weber. |
| 260 |
_aSanto Domingo : _bEditora Libros y Textos, _c1985. |
||
| 300 |
_a114 p. : _bil., retr. ; _c17 cm. |
||
| 490 | 1 |
_aAntología de nuestra voz _vno. 18 |
|
| 830 | 0 |
_aAntología de nuestra voz _nno. 18 _928415 |
|
| 049 | _aBNPD | ||
| 999 |
_c11681 _d11681 |
||